000 01243cas a2200361 a 4500
008
020 _a0580183068 (pbk.)
022 _y0953-0339
049 _aMAIN
050 0 0 _aREF Z7914.A22 BRI
130 0 _aStandards catalogue (British Standards Institution)
245 0 0 _aStandards catalogue 1990.
246 1 8 _aBSI standards catalogue
246 3 _aBritish Standards Institution standards catalogue
260 _aLondon :
_bBSI,
_c[1996-
300 _av. ;
_c30 cm.
310 _aAnnual
362 0 _a1996/97-
500 _aTitle from cover.
500 _aLatest issue consulted: 1998-99.
650 0 _aStandardization
_zGreat Britain
_vBibliography
_vCatalogs
_vPeriodicals.
650 0 _aStandardization
_zGreat Britain
_vAbstracts
_vCatalogs
_vPeriodicals.
650 0 _aCatalogs, Publishers'
_zGreat Britain
_vPeriodicals.
610 2 0 _aBritish Standards Institution
_vBibliography
_vCatalogs
_vPeriodicals.
710 2 _aBritish Standards Institution.
780 0 0 _tBSI catalogue (London, England : 1995)
785 0 0 _tProducts and services catalogue
907 _a.b10227167
_b26-01-07
_c26-01-07
003
005 20230120191426.0
040 _cNUST
942 _cBOOKS
999 _c100905
_d100905